| 000 | 01012cam a22002774a 4500 | ||
|---|---|---|---|
| 001 | 12035230 | ||
| 003 | GBCCL | ||
| 005 | 20241126110419.0 | ||
| 008 | 000609s2000 caua b 000 0 eng | ||
| 010 | _a 00055252 | ||
| 020 | _a0830725873 (pbk.) | ||
| 040 |
_aDLC _cDLC _dDLC |
||
| 042 | _apcc | ||
| 050 | 0 | 0 |
_aBT738.4 _b.C36 2000 |
| 082 | 0 | 0 |
_a253 _221 _bCAP |
| 100 | 1 |
_aCape, David, _d1947- _94389 |
|
| 245 | 1 | 0 |
_aGod's secret to greatness : _bthe power of the towel / _cDavid Cape & Tommy Tenney. |
| 260 |
_aVentura, Calif. : _bRegal, _cc2000. |
||
| 300 |
_a181 p. : _bill. ; _c23 cm. |
||
| 504 | _aIncludes bibliographical references. | ||
| 650 | 0 |
_aService (Theology) _93929 |
|
| 700 | 1 |
_aTenney, Tommy, _d1956- _9606 |
|
| 906 |
_a7 _bcbc _corignew _d1 _eocip _f20 _gy-gencatlg |
||
| 942 |
_2ddc _cBK _01 |
||
| 999 |
_c2138 _d2138 |
||